000 00716cam a22002413a 4500
001 31571
003 PGUSA
005 20140828083701.0
008 100309s2010||||xxu|||||s|||||000 | eng d
040 _aPGUSA
_beng
042 _adc
050 4 _aDS
100 1 _aMorris, Charles,
_d1833-1922
245 1 0 _aHistoric Tales :
_bThe Romance of Reality. Vol. 12 (of 15), Japanese and Chinese
_h[electronic resource] /
_cCharles Morris
260 _bProject Gutenberg,
_c2010
506 _aPublic domain in the USA.
516 _aElectronic text
653 _aJapan -- History
653 _aChina -- History
830 0 _aProject Gutenberg
_v31571
856 4 0 _uhttp://www.gutenberg.org/ebooks/31571
942 _cEB
999 _c260826
_d260826